000 00725nam a22002177a 4500
003 UA-OsUOA
001 42015
007 ta
008 20081116b un ||||| |||| 00| 0 ukr d
090 _a282
_bЗ-41
942 _cBK
040 _aUA-OsUOA
_bukr
_cUA-OsUOA
_dUA-OsUOA
245 _aЗбірник матеріалів з нагоди ювілейних святкувань у 50-ліття Української Греко-Православної Церкви в Канаді 1918-1968
300 _a329 с.
955 _a4
041 _aukr
080 _a282
260 _aВінніпег
_c1968
650 7 _a282 Римсько-католицька церква (Західна церква)
_2UDC
999 _c440515
_d440515